Undang-undang jenayah Islam : jenayah hudud

Main Author: Mat Saad Abd. Rahman (Author)
Subjects:
LEADER 00864cam a2200253 7i4500
001 0000006672
005 20230517090000.0
008 230517s1993 my # ### #00001may##
020 # # |a 9838160016  
020 # # |a 9789838160018  
040 # # |a UMT   |b eng   |c UMT   |d Malcat   |e rda 
090 0 0 |a BP 134 .P4   |b M3 1993 
100 0 # |a Mat Saad Abd. Rahman   |e author  
245 1 0 |a Undang-undang jenayah Islam :   |b jenayah hudud   |c Mat Saad Abd. Rahman. 
264 # 0 |a Shah Alam, Selangor:   |b Penerbit Hizbi,   |c 1993 
300 # # |a xviiii, 211 pages;   |c 25 cm 
336 # # |a text --   |2 rdacontent 
337 # # |a unmediated --   |2 rdamedia 
338 # # |a volume --   |2 rdacarrier 
590 # # |a Pusat Pendidikan Asas dan Liberal 
650 0 0 |a Criminal Procedure (Islamic Law)  
650 0 0 |a Criminal law (Islamic law)  
650 0 0 |a Islamic law  
999 |a 1000382743  |b Book  |c Open Shelf  |e KOLEKSI TERBUKA